000 00519nam a2200145Ia 4500
008 151213s9999 xx 000 0 und d
100 _aমোয়াজ্জেম হোসেন আলমগীর
245 _aমনের ভাবনা
_cমোয়াজ্জেম হোসেন আলমগীর
260 _aঢাকা
_c2006
300 _a8311 p.
650 _aBangla
650 _aBangla Literature
700 _aমোয়াজ্জেম হোসেন আলমগীর
999 _c4156
_d4156